|
|
|
|
| LEADER |
01091nam a2200277 a 4500 |
| 001 |
3575218 |
| 008 |
110511s1999 enka b 001 0 eng d |
| 010 |
|
|
|a 99019756
|
| 020 |
|
|
|a 9780631213208 (hc. : alk. paper)
|
| 020 |
|
|
|a 9780631213215 (pbk. :alk. paper)
|
| 020 |
|
|
|a 0631213201 (alk. paper)
|
| 020 |
|
|
|a 063121321X (pbk. : alk. paper)
|
| 040 |
|
|
|a DLC
|c DLC
|d DLC
|d BD-DhAAL
|
| 082 |
0 |
0 |
|a 100
|2 21
|
| 100 |
1 |
|
|a Teichman, Jenny.
|
| 245 |
1 |
0 |
|a Philosophy :
|b a beginner's guide /
|c Jenny Teichman & Katherine C. Evans.
|
| 250 |
|
|
|a 3rd ed.
|
| 260 |
|
|
|a Oxford, UK ;
|a Malden, Mass. :
|b Blackwell Publishers,
|c 1999.
|
| 300 |
|
|
|a ix, 274 p. :
|b ill. ;
|c 24 cm.
|
| 504 |
|
|
|a Includes bibliographical references (p. 266-271) and index.
|
| 541 |
|
|
|e 00022504
|
| 650 |
|
0 |
|a Philosophy
|v Introductions.
|
| 700 |
1 |
|
|a Evans, Katherine C.
|
| 852 |
4 |
|
|a Ayesha Abed Library
|j General shelf
|
| 999 |
|
|
|c 10843
|d 10843
|
| 952 |
|
|
|0 0
|1 0
|2 ddc
|4 0
|6 100_TEI
|7 0
|9 16482
|a BRACUL
|b BRACUL
|c GEN
|d 2011-05-16
|e Development Book Agency
|g 2085.00
|l 13
|m 31
|o 100 TEI
|p 3010022504
|r 2026-03-02
|s 2026-02-23
|t 1
|w 2011-05-16
|y BK
|